000 00322nam a2200145Ia 4500
100 _aShigley/ J.E./ Mischke
250 _a1
942 _cBK
654 _amechanical
245 _aMechanical engineering design
260 _bMcGraw Hill
_aNew York
_c1989
082 _a621.815
_bPAN
300 _a699
546 _aENGLISH
999 _c26691
_d26691